All the nations ever represented in CS:GO majors - Statistics

General Stats
  • This quiz has been taken 1,570 times
  • The average score is 31 of 42
Answer Stats
Answer % Correct
Brazil
98%
Russia
97%
United Kingdom
97%
United States
97%
France
96%
Sweden
95%
Denmark
94%
Germany
93%
Ukraine
93%
China
91%
Finland
91%
Spain
91%
Canada
90%
Norway
90%
Poland
89%
Portugal
86%
Australia
85%
Estonia
84%
Latvia
81%
Bosnia and Herzegovina
79%
Belgium
76%
Kazakhstan
76%
Turkey
76%
Netherlands
75%
Slovakia
74%
Lithuania
73%
Serbia
73%
Mongolia
66%
Switzerland
66%
Czech Republic
64%
Bulgaria
63%
Hungary
62%
New Zealand
60%
India
59%
Israel
58%
South Africa
58%
Indonesia
52%
Uzbekistan
41%
Jordan
35%
Azerbaijan
32%
Malaysia
29%
Hong Kong
16%
No matching quizzes found
Score Distribution
Percent of People with Each Score
Percentile by Number Answered
Your Score History
You have not taken this quiz